| 000 | 00792nam a22001577a 4500 | ||
|---|---|---|---|
| 003 | OSt | ||
| 005 | 20151006090939.0 | ||
| 008 | 151006b xxu||||| |||| 00| 0 eng d | ||
| 040 | _cRUA | ||
| 082 | _aAVM KAO 2005 B075 Or.1 | ||
| 100 |
_92095 _aKAO, VATH. |
||
| 245 | _aEfficency of dry yeast, tetracycline and ampicillin on performance and carcass yield of broiler chickens (ប្រសិទ្ធភាពនៃការប្រើប្រាស់មេដំបែស្ងួតតេត្រាស៊ីគ្លីននិងអំពីស៊ីលីនលើការលូតលាស់និងទិន្នផលផ្ទាំងសាច់របស់មាន់សាច់) | ||
| 260 |
_aPhnom Penh _bRUA _c2005 |
||
| 300 |
_aix, 46p. _bill. _c29cm. |
||
| 942 |
_2ddc _cAVM |
||
| 999 |
_c1978 _d1978 |
||